[Event "4NCL Online Division 5"]
[Site "online"]
[Date "2020.10.20"]
[Round "5.14"]
[White "Wicks, Alexander"]
[Black "Holmes, Nick D"]
[Result "0-1"]
[WhiteElo "1217"]
[BlackElo "1540"]
[PlyCount "69"]
[EventDate "2020.10.20"]
[WhiteTeam "Woking Warriors"]
[BlackTeam "Shropshire 4"]

1. e4 d6 2. d4 Nf6 3. Nc3 g6 4. Bg5 Bg7 5. Bc4 O-O 6. Nf3 Nxe4 7. Nxe4 d5 8.
Bxd5 Qxd5 9. Qd3 Re8 10. O-O Nc6 11. c3 Bg4 12. Bd2 Rad8 13. Nc5 Bxf3 14. Qxf3
Qxf3 15. gxf3 b6 16. Na6 Rd7 17. a3 e5 18. Rfe1 Kf8 19. d5 Na5 20. Bg5 f6 21.
Bh4 Nc4 22. Nb4 Nd2 23. Re3 Nc4 24. Re4 Nd6 25. Rg4 g5 26. Bg3 h5 27. Re4 Nxe4
28. fxe4 h4 29. Bxe5 fxe5 30. Re1 Kg8 31. c4 Bf8 32. Nc6 a5 33. b4 Rf7 34. b5
Bc5 35. a4 0-1

[Event "4NCL Online Division 5"]
[Site "online"]
[Date "2020.10.20"]
[Round "5.21"]
[White "Fisher, Peter"]
[Black "Eames, Robert S"]
[Result "0-1"]
[WhiteElo "1727"]
[BlackElo "2267"]
[PlyCount "46"]
[EventDate "2020.10.20"]
[WhiteTeam "Cheshire Cats"]
[BlackTeam "Hackney Thirsty"]

1. e4 e5 2. Nf3 Nc6 3. Bb5 f5 4. d3 fxe4 5. dxe4 Nf6 6. Nc3 Bb4 7. Bd3 Bxc3+ 8.
bxc3 O-O 9. O-O d6 10. h3 Qe8 11. Re1 Nh5 12. Bf1 Nf4 13. Be3 Qh5 14. Kh2 Nxh3
15. gxh3 Rxf3 16. Bg2 Bxh3 17. Bxf3 Bg4+ 18. Kg2 Qh3+ 19. Kg1 Bxf3 20. Qxf3
Qxf3 21. Bd2 Rf8 22. Rf1 Qg4+ 23. Kh2 Rf3 0-1

[Event "4NCL Online Division 5"]
[Site "online"]
[Date "2020.10.20"]
[Round "5.22"]
[White "Mackle, Dominic"]
[Black "Beckett, Phill"]
[Result "1-0"]
[WhiteElo "2192"]
[BlackElo "1712"]
[PlyCount "127"]
[EventDate "2020.10.20"]
[WhiteTeam "Hackney Thirsty"]
[BlackTeam "Cheshire Cats"]

1. d4 d5 2. Bf4 c5 3. e3 f6 4. Nf3 cxd4 5. exd4 e6 6. Bd3 Bd6 7. Qd2 Bxf4 8.
Qxf4 Nh6 9. Nbd2 O-O 10. O-O-O Nc6 11. c3 e5 12. dxe5 fxe5 13. Qe3 Qb6 14. Qxb6
axb6 15. Bc2 Ng4 16. Rhf1 Be6 17. h3 Nf6 18. Ng5 Bd7 19. a3 h6 20. Ngf3 e4 21.
Nd4 Nxd4 22. cxd4 Rfc8 23. Kb1 Ba4 24. Rc1 Bxc2+ 25. Rxc2 Rxc2 26. Kxc2 Rc8+
27. Kb3 Nh5 28. g3 g5 29. Re1 Ng7 30. f3 Nf5 31. fxe4 Nxd4+ 32. Ka2 Re8 33. e5
Nc6 34. Nf3 Kf7 35. g4 Ke6 36. Re3 Ra8 37. Kb3 Na5+ 38. Kb4 Nc6+ 39. Kb3 Na5+
40. Kc3 Rc8+ 41. Kd3 Nc6 42. b4 Rd8 43. b5 d4 44. Re4 Rf8 45. Nxg5+ hxg5 46.
bxc6 bxc6 47. Kxd4 Rf3 48. a4 c5+ 49. Kc4 Ra3 50. Kb5 Rb3+ 51. Kc6 Rb1 52. Re3
Ra1 53. Kxb6 Rxa4 54. Kxc5 Ra5+ 55. Kd4 Ra4+ 56. Kd3 Ra3+ 57. Ke4 Ra4+ 58. Kf3
Rf4+ 59. Kg3 Rf1 60. Rf3 Re1 61. Rf5 Re3+ 62. Kg2 Re2+ 63. Kf3 Re1 64. Rxg5 1-0

[Event "4NCL Online Division 5"]
[Site "online"]
[Date "2020.10.20"]
[Round "5.23"]
[White "Cox, Paul"]
[Black "Baumann, Tobias"]
[Result "0-1"]
[WhiteElo "1600"]
[BlackElo "2005"]
[PlyCount "98"]
[EventDate "2020.10.20"]
[WhiteTeam "Cheshire Cats"]
[BlackTeam "Hackney Thirsty"]

1. e4 c5 2. Nc3 d6 3. f4 Nc6 4. Nf3 Nf6 5. Bc4 e6 6. Bb5 Qb6 7. d3 Be7 8. O-O
a6 9. Bxc6+ bxc6 10. Qe1 c4+ 11. d4 d5 12. e5 Nd7 13. b3 c5 14. Na4 Qb5 15. Be3
O-O 16. Qf2 cxb3 17. cxb3 c4 18. Nc3 Qa5 19. Bd2 cxb3 20. axb3 Qb6 21. Rfb1 a5
22. Ne2 Bb4 23. Bxb4 Qxb4 24. Qe3 Ba6 25. Nc3 Rfc8 26. Na4 Rc2 27. Rc1 Rac8 28.
Nc5 Rxc1+ 29. Rxc1 Nxc5 30. Rxc5 Rxc5 31. dxc5 Qb5 32. h4 Kf8 33. Qc3 Qb4 34.
Qxb4 axb4 35. Kf2 Bd3 36. Ke3 Bc2 37. Nd2 Ke7 38. Kd4 Kd7 39. g4 Kc6 40. g5 g6
41. Nc4 dxc4 42. Kxc4 Bxb3+ 43. Kxb4 Ba2 44. Kc3 Kxc5 45. Kd3 Bd5 46. Ke3 Kc4
47. Kf2 Kd3 48. Kg3 Ke3 49. Kg4 Kf2 0-1

[Event "4NCL Online Division 5"]
[Site "online"]
[Date "2020.10.20"]
[Round "5.24"]
[White "Robinson, Adam"]
[Black "Evans, Alf"]
[Result "1-0"]
[WhiteElo "1997"]
[BlackElo "1367"]
[PlyCount "41"]
[EventDate "2020.10.20"]
[WhiteTeam "Hackney Thirsty"]
[BlackTeam "Cheshire Cats"]

1. e4 c5 2. Nf3 Nc6 3. Bb5 a6 4. Bxc6 dxc6 5. O-O e5 6. Nxe5 Nf6 7. Re1 Bd6 8.
Nxc6 Qc7 9. e5 Bxe5 10. Nxe5 Be6 11. Nc3 O-O 12. d3 Rad8 13. Bf4 Qc8 14. Qd2 b5
15. Rad1 Qa8 16. Qe3 Rd4 17. Ne4 Nxe4 18. dxe4 Rfd8 19. Rxd4 Rxd4 20. c3 Rd7
21. Nxd7 1-0

[Event "4NCL Online Division 5"]
[Site "online"]
[Date "2020.10.20"]
[Round "5.31"]
[White "Liu, Jason"]
[Black "Hughes, Colin"]
[Result "1-0"]
[WhiteElo "1392"]
[BlackElo "1817"]
[PlyCount "109"]
[EventDate "2020.10.20"]
[WhiteTeam "BCC Penguins"]
[BlackTeam "Uxbridge Knights B"]

1. e4 c5 2. Nf3 d6 3. d4 cxd4 4. Nxd4 Nf6 5. Nc3 a6 6. Bc4 b5 7. Bd5 Nxd5 8.
exd5 Bb7 9. O-O b4 10. Ne4 Bxd5 11. Re1 e6 12. Nf5 g6 13. Qxd5 gxf5 14. Qxa8
fxe4 15. Qxe4 d5 16. Qf3 Be7 17. Bf4 Nd7 18. Rad1 Nc5 19. Qh5 Qb6 20. Be5 Rg8
21. Bd4 Rg5 22. Qf3 Qa5 23. Qe3 Ne4 24. f3 Nd6 25. Qd3 Nf5 26. c3 bxc3 27. bxc3
Qxa2 28. Rd2 Qc4 29. Qxc4 dxc4 30. Kf1 Nd6 31. Ra2 a5 32. Re5 Rxe5 33. Bxe5 Nb7
34. Bc7 Bf6 35. Bxa5 Nxa5 36. Rxa5 Bxc3 37. Rc5 e5 38. Rxc4 Bd4 39. f4 f6 40.
Rxd4 exd4 41. Ke2 Kf7 42. f5 Kg7 43. Kd3 Kh6 44. Kxd4 Kg5 45. Ke4 Kg4 46. h3+
Kg3 47. Kd5 Kxg2 48. Ke6 Kxh3 49. Kxf6 h5 50. Kg5 h4 51. f6 Kg3 52. f7 h3 53.
f8=Q h2 54. Qf1 h1=Q 55. Qxh1 1-0

[Event "4NCL Online Division 5"]
[Site "online"]
[Date "2020.10.20"]
[Round "5.32"]
[White "Price, Michael C"]
[Black "Liu, Benjamin"]
[Result "1-0"]
[WhiteElo "1747"]
[BlackElo "1000"]
[PlyCount "87"]
[EventDate "2020.10.20"]
[WhiteTeam "Uxbridge Knights B"]
[BlackTeam "BCC Penguins"]

1. e4 c6 2. d4 d5 3. Nc3 dxe4 4. Nxe4 Bf5 5. Ng3 Bg6 6. h4 h6 7. Nf3 Nd7 8. h5
Bh7 9. Bd3 Bxd3 10. Qxd3 e6 11. Bf4 Ngf6 12. O-O-O Be7 13. Qd2 Nd5 14. Kb1 Nxf4
15. Qxf4 Nf6 16. Ne4 Nd5 17. Qd2 Qb6 18. c4 Nf6 19. Rdf1 Nxe4 20. Qc2 Nf6 21.
Rd1 O-O-O 22. Ne5 Rhf8 23. c5 Qb4 24. a3 Qa5 25. Nc4 Qb5 26. Rh3 Nd5 27. b4 Bf6
28. Rb3 Kb8 29. Kb2 Nf4 30. g3 Bxd4+ 31. Ka2 Nxh5 32. Nd6 Be5 33. Nxb5 Rxd1 34.
Qxd1 cxb5 35. Qxh5 Bf6 36. Rd3 Rd8 37. Rxd8+ Bxd8 38. Qxf7 Bf6 39. Qxe6 Kc7 40.
f4 b6 41. c6 a6 42. Qd7+ Kb8 43. c7+ Kb7 44. c8=Q# 1-0

[Event "4NCL Online Division 5"]
[Site "online"]
[Date "2020.10.20"]
[Round "5.33"]
[White "Bell, Euan"]
[Black "Knight, David"]
[Result "0-1"]
[WhiteElo "700"]
[BlackElo "1705"]
[PlyCount "72"]
[EventDate "2020.10.20"]
[WhiteTeam "BCC Penguins"]
[BlackTeam "Uxbridge Knights B"]

1. c4 e5 2. b3 Nf6 3. Ba3 d6 4. Nc3 Nc6 5. g3 Bf5 6. d3 Be7 7. Bh3 Qd7 8. Bg2
O-O 9. Nf3 h6 10. O-O Bh3 11. Ne1 Bxg2 12. Kxg2 a5 13. Nf3 Nb4 14. Bxb4 axb4
15. Na4 b5 16. Nb2 Nh7 17. Qd2 Bf6 18. Qxb4 e4 19. Qd2 exf3+ 20. exf3 c5 21.
Rab1 Rxa2 22. Rfe1 b4 23. Qc1 Bd4 24. Re2 Re8 25. Qc2 Re6 26. Rxe6 Qxe6 27. Qc1
Qe2 28. Nd1 Bxf2 29. Nxf2 Qxf2+ 30. Kh3 Qxh2+ 31. Kg4 Nf6+ 32. Kf4 Nh5+ 33. Ke4
Re2+ 34. Kd5 Qxg3 35. Kc6 Qxf3+ 36. Kb5 Qb7+ 0-1

[Event "4NCL Online Division 5"]
[Site "online"]
[Date "2020.10.20"]
[Round "5.34"]
[White "Knight, Daniel"]
[Black "Florczak, Adam"]
[Result "1-0"]
[WhiteElo "1705"]
[BlackElo "700"]
[PlyCount "85"]
[EventDate "2020.10.20"]
[WhiteTeam "Uxbridge Knights B"]
[BlackTeam "BCC Penguins"]

1. d4 d5 2. Nf3 Nc6 3. e3 Nf6 4. c4 dxc4 5. Bxc4 Bf5 6. Nc3 e6 7. a3 Bd6 8. b4
O-O 9. Bb2 Qd7 10. O-O Ne8 11. Nh4 Qe7 12. Nxf5 exf5 13. Qf3 Qh4 14. g3 Qh6 15.
Qxf5 Qf6 16. Qc2 Qf3 17. Bd5 Qg4 18. Bxc6 bxc6 19. Na4 Rd8 20. Qxc6 Qh3 21. Qc3
Rd7 22. Nc5 Re7 23. Nd3 Re6 24. Nf4 Bxf4 25. exf4 Rh6 26. Rfd1 Qxh2+ 27. Kf1
Re6 28. Qf3 Nf6 29. Qg2 Qh5 30. Re1 Rfe8 31. Rxe6 Rxe6 32. Re1 Rxe1+ 33. Kxe1
Nd7 34. Qe4 g6 35. d5 h6 36. Kd2 Qh2 37. Qe8+ Nf8 38. Bd4 Qg1 39. Bc5 Kh7 40.
Qxf7+ Kh8 41. Qxf8+ Kh7 42. Qf7+ Kh8 43. Bd4# 1-0

[Event "4NCL Online Division 5"]
[Site "online"]
[Date "2020.10.20"]
[Round "5.41"]
[White "Jaunooby, Ali R"]
[Black "Chilton, James I"]
[Result "1-0"]
[WhiteElo "2252"]
[BlackElo "1892"]
[PlyCount "69"]
[EventDate "2020.10.20"]
[WhiteTeam "Manchester Manticores 1"]
[BlackTeam "Wessex Some Stars D"]

1. d4 Nf6 2. c4 e6 3. Nc3 d5 4. Bg5 c6 5. e3 Bb4 6. Qc2 Nbd7 7. Nf3 Qa5 8. Nd2
Ne4 9. Ndxe4 dxe4 10. Bh4 O-O 11. Be2 f5 12. O-O Nf6 13. f4 exf3 14. gxf3 f4
15. e4 e5 16. a3 Be7 17. b4 Qd8 18. dxe5 Qd4+ 19. Kh1 Qxe5 20. Rg1 Nxe4 21. Be1
Ng5 22. Ne4 Qxa1 23. Nxg5 Bxg5 24. Bc3 Bf5 25. Qb3 Qxg1+ 26. Kxg1 Bf6 27. c5+
Kh8 28. Bd2 Bh3 29. Bxf4 Bd4+ 30. Be3 Rae8 31. Bxd4 Rxe2 32. f4 Be6 33. Qg3 Rf7
34. f5 Rxf5 35. Qxg7# 1-0

[Event "4NCL Online Division 5"]
[Site "online"]
[Date "2020.10.20"]
[Round "5.42"]
[White "Clancy, Martin J"]
[Black "Rawlinson, Aidan M"]
[Result "0-1"]
[WhiteElo "1870"]
[BlackElo "2215"]
[PlyCount "50"]
[EventDate "2020.10.20"]
[WhiteTeam "Wessex Some Stars D"]
[BlackTeam "Manchester Manticores 1"]

1. e4 g6 2. d4 Bg7 3. Nc3 d6 4. Be3 a6 5. Qd2 b5 6. f3 Nd7 7. O-O-O Bb7 8. Nge2
Rc8 9. Nf4 c5 10. dxc5 Nxc5 11. Nd3 Nxd3+ 12. Bxd3 Qa5 13. Nxb5 Qxd2+ 14. Rxd2
axb5 15. Bxb5+ Bc6 16. Ba6 Rb8 17. c3 Nf6 18. Kc2 O-O 19. Bc4 Nd7 20. Rb1 Rfc8
21. Bd5 Ne5 22. Bd4 Bxd5 23. exd5 Nc4 24. Rd3 Rb5 25. Bf2 Rcb8 0-1

[Event "4NCL Online Division 5"]
[Site "online"]
[Date "2020.10.20"]
[Round "5.43"]
[White "Reed, John"]
[Black "Pankaj Tomar"]
[Result "0-1"]
[WhiteElo "1937"]
[BlackElo "1787"]
[PlyCount "60"]
[EventDate "2020.10.20"]
[WhiteTeam "Manchester Manticores 1"]
[BlackTeam "Wessex Some Stars D"]

1. d4 e6 2. c4 d5 3. Nc3 Bb4 4. Bf4 c5 5. e3 Nf6 6. Bd3 cxd4 7. exd4 Nc6 8.
Nge2 dxc4 9. Bxc4 O-O 10. O-O Bd6 11. Bg5 Bxh2+ 12. Kh1 Bd6 13. f4 Be7 14. Qd3
Na5 15. Rf3 Nxc4 16. Qxc4 Ng4 17. Ne4 b6 18. Rg3 h5 19. N2c3 Bb7 20. Rf1 Re8
21. Qd3 Rc8 22. Bxe7 Rxe7 23. Ng5 g6 24. Rh3 Rd7 25. Nxe6 Qf6 26. Ng5 Rxd4 27.
Nge4 Qg7 28. Qf3 Re8 29. Nf6+ Qxf6 30. Qxb7 Rxf4 0-1

[Event "4NCL Online Division 5"]
[Site "online"]
[Date "2020.10.20"]
[Round "5.44"]
[White "Leeson, Chris J P"]
[Black "Kobryn, Peter J"]
[Result "0-1"]
[WhiteElo "1810"]
[BlackElo "1960"]
[PlyCount "94"]
[EventDate "2020.10.20"]
[WhiteTeam "Wessex Some Stars D"]
[BlackTeam "Manchester Manticores 1"]

1. d4 Nf6 2. e3 g6 3. Bd3 Bg7 4. Nd2 O-O 5. f4 d6 6. Ngf3 c5 7. c3 a6 8. O-O b5
9. a3 Bb7 10. Qe2 Nbd7 11. Ng5 e5 12. dxe5 dxe5 13. Nge4 Qb6 14. Nxf6+ Bxf6 15.
Be4 Rae8 16. Bxb7 Qxb7 17. Qf3 Qc7 18. Ne4 Bg7 19. f5 Qb6 20. Kh1 Nf6 21. Bd2
Rd8 22. Rad1 gxf5 23. Qxf5 Nxe4 24. Qxe4 Qg6 25. Qf3 f5 26. Bc1 e4 27. Qe2 c4
28. Rxd8 Rxd8 29. Rd1 Rd3 30. Rf1 Be5 31. Qf2 Qh5 32. h3 Rd1 33. Bd2 Kf7 34.
Rxd1 Qxd1+ 35. Be1 Ke6 36. Qd2 Qxd2 37. Bxd2 Bg3 38. Kg1 Kf6 39. Kf1 Kg5 40.
Ke2 h5 41. Kf1 f4 42. Ke2 fxe3 43. Bxe3+ Bf4 44. Kf2 h4 45. Ke2 Bxe3 46. Kxe3
Kf5 47. Ke2 Kf4 0-1

[Event "4NCL Online Division 5"]
[Site "online"]
[Date "2020.10.20"]
[Round "5.61"]
[White "Gilmour, Ian"]
[Black "Brooks, Daniel"]
[Result "0-1"]
[WhiteElo "1412"]
[BlackElo "1495"]
[PlyCount "44"]
[EventDate "2020.10.20"]
[WhiteTeam "Broken Herts"]
[BlackTeam "Uxbridge Bombers B"]

1. d4 e6 2. Bf4 d5 3. e3 Nf6 4. Nc3 c6 5. a3 Be7 6. Nf3 O-O 7. Bd3 Nbd7 8. Ne5
Nxe5 9. dxe5 Nd7 10. Qh5 g6 11. Qf3 Nc5 12. O-O-O Qa5 13. h4 b5 14. Kb1 b4 15.
axb4 Qxb4 16. Na2 Qb6 17. e4 Rb8 18. Bc1 a5 19. exd5 exd5 20. Be2 Bf5 21. b3
Nxb3 22. Qc3 Nd2+ 0-1

[Event "4NCL Online Division 5"]
[Site "online"]
[Date "2020.10.20"]
[Round "5.62"]
[White "Gauri, Dhairye"]
[Black "Huhn, Robert M"]
[Result "0-1"]
[WhiteElo "1412"]
[BlackElo "1442"]
[PlyCount "100"]
[EventDate "2020.10.20"]
[WhiteTeam "Uxbridge Bombers B"]
[BlackTeam "Broken Herts"]

1. e4 c6 2. Bc4 d5 3. exd5 cxd5 4. Bb3 Nf6 5. Nf3 Bg4 6. c4 dxc4 7. Bxc4 Nc6 8.
Nc3 e6 9. a3 Bd6 10. O-O O-O 11. h3 Bxf3 12. Qxf3 Rc8 13. d3 a6 14. Be3 b5 15.
Ba2 Be5 16. Bd2 Qd6 17. g3 Rfd8 18. Ne4 Nxe4 19. Qxe4 Bxb2 20. Rab1 Bxa3 21.
Rb3 Nd4 22. Bf4 e5 23. Bxe5 Qxe5 24. Rxa3 Qf6 25. h4 b4 26. Ra4 Nf3+ 27. Kg2
Nd2 28. Qxb4 Nxf1 29. Kxf1 Rc1+ 30. Kg2 Qc6+ 31. Qe4 Rxd3 32. Qxc6 Rxc6 33. Bb1
Rb3 34. Be4 Rd6 35. Bc2 Rb2 36. Be4 Rf6 37. Bf3 g6 38. Rd4 a5 39. Rd8+ Kg7 40.
Ra8 Ra2 41. g4 a4 42. g5 Rf4 43. Kg3 Rb4 44. Bd5 Ra3+ 45. Kg2 Rg4+ 46. Kf1 Ra1+
47. Ke2 Rxh4 48. Ra7 Rf4 49. Ke3 Rf5 50. f4 Rxd5 0-1

[Event "4NCL Online Division 5"]
[Site "online"]
[Date "2020.10.20"]
[Round "5.63"]
[White "Cooper, John L"]
[Black "Hasan, Abu"]
[Result "1-0"]
[WhiteElo "1225"]
[BlackElo "1412"]
[PlyCount "111"]
[EventDate "2020.10.20"]
[WhiteTeam "Broken Herts"]
[BlackTeam "Uxbridge Bombers B"]

1. e4 e5 2. Nf3 Nf6 3. d3 Bc5 4. Bd2 d6 5. Nc3 Ng4 6. Be3 Bxe3 7. fxe3 Nxe3 8.
Qe2 Ng4 9. O-O-O Nf6 10. h3 O-O 11. g4 Nc6 12. d4 exd4 13. Nxd4 Nxd4 14. Rxd4
c5 15. Rd1 b6 16. Bg2 a5 17. e5 Ba6 18. Qe3 Qe7 19. Bxa8 Rxa8 20. Rhe1 Nd7 21.
exd6 Qh4 22. Qf3 Rf8 23. Re7 Qg5+ 24. Qe3 Qxe3+ 25. Rxe3 Bc4 26. Rde1 Be6 27.
a3 h6 28. Nb5 Nf6 29. Nc7 Bd7 30. Re7 b5 31. R1e5 c4 32. Nd5 b4 33. axb4 axb4
34. Nxf6+ gxf6 35. Rc5 c3 36. bxc3 bxc3 37. Rxd7 Re8 38. Re7 Ra8 39. Rxc3 Kg7
40. d7 Rd8 41. Rd3 h5 42. Re8 Rxd7 43. Rxd7 hxg4 44. hxg4 Kg6 45. Rd5 Kg7 46.
Re4 Kg6 47. Rh5 Kg7 48. Rf4 Kg6 49. Rhf5 Kh6 50. Rxf6+ Kg5 51. Rxf7 Kh4 52. g5+
Kg3 53. g6 Kh3 54. g7 Kh2 55. g8=Q Kh3 56. Rh7# 1-0

[Event "4NCL Online Division 5"]
[Site "online"]
[Date "2020.10.20"]
[Round "5.64"]
[White "Martellotta, Gabriele"]
[Black "Wrzesinski, Roman"]
[Result "0-1"]
[WhiteElo "1367"]
[BlackElo "1187"]
[PlyCount "138"]
[EventDate "2020.10.20"]
[WhiteTeam "Uxbridge Bombers B"]
[BlackTeam "Broken Herts"]

1. d4 f5 2. c4 Nf6 3. Nc3 g6 4. Nf3 Bg7 5. e3 O-O 6. Qb3 Kh8 7. Be2 d6 8. Ng5
Qe8 9. Nd5 Nxd5 10. cxd5 Nd7 11. Ne6 Qf7 12. Nxc7 Rb8 13. Ne6 Re8 14. O-O Bh6
15. Bb5 a6 16. Be2 Nf6 17. Bxa6 Nxd5 18. Nc7 Rf8 19. Nxd5 Be6 20. Bc4 b5 21.
Be2 Bxd5 22. Qb4 Bc4 23. Re1 Rfc8 24. b3 Bxe2 25. Rxe2 Bg7 26. Bb2 Rc6 27. Rc1
Qd5 28. Rec2 Rbc8 29. Qd2 Qe4 30. Rc3 b4 31. Rc4 Rxc4 32. Rxc4 Rxc4 33. bxc4
Qb1+ 34. Bc1 b3 35. axb3 Qxb3 36. Qe2 h5 37. h3 Kh7 38. Kf1 e5 39. Bb2 Qa2 40.
dxe5 Qb1+ 41. Qe1 Qxb2 42. exd6 Bf6 43. d7 Qc2 44. Qe2 Qc1+ 45. Qe1 Qxc4+ 46.
Kg1 Qd5 47. g4 Qxd7 48. gxf5 Qxf5 49. Qb4 Qxh3 50. Qb7+ Kh6 51. Qf7 Qg4+ 52.
Kf1 Qh3+ 53. Kg1 Be5 54. Qf8+ Bg7 55. Qf4+ Kh7 56. Qg5 Qd7 57. f4 Qd1+ 58. Kf2
Qd2+ 59. Kf3 Qd7 60. Kf2 Bh6 61. Qe5 Bg7 62. Qg5 Qd2+ 63. Kf3 Qd3 64. Qe7 Qd1+
65. Kf2 Qd2+ 66. Kf3 Qb2 67. Qg5 Bf6 68. Qd5 Qc3 69. Qd7+ Kh6 0-1

[Event "4NCL Online Division 5"]
[Site "online"]
[Date "2020.10.20"]
[Round "5.72"]
[White "Holland, Nicolas"]
[Black "Nettleton, Robin"]
[Result "0-1"]
[WhiteElo "1150"]
[BlackElo "1335"]
[PlyCount "46"]
[EventDate "2020.10.20"]
[WhiteTeam "Watford Juniors B"]
[BlackTeam "Harrow 4"]

1. e4 e5 2. Nf3 Nc6 3. Bb5 d6 4. O-O Bd7 5. Bxc6 Bxc6 6. Nc3 Nf6 7. d3 Be7 8.
b3 Qd7 9. Re1 O-O-O 10. Ng5 Rdf8 11. h3 h6 12. Nf3 Ne8 13. Nd5 Bxd5 14. exd5 f5
15. c4 g5 16. g3 f4 17. Kg2 g4 18. hxg4 Qxg4 19. Rh1 Rfg8 20. Rh4 Bxh4 21. d4
fxg3 22. fxg3 Qxg3+ 23. Kf1 Qf2# 0-1

[Event "4NCL Online Division 5"]
[Site "online"]
[Date "2020.10.20"]
[Round "5.73"]
[White "Shah, Kyal"]
[Black "Demyan, Leo"]
[Result "1-0"]
[WhiteElo "1271"]
[BlackElo "1135"]
[PlyCount "97"]
[EventDate "2020.10.20"]
[WhiteTeam "Harrow 4"]
[BlackTeam "Watford Juniors B"]

1. e4 e5 2. Nf3 Nc6 3. Bb5 Bd6 4. O-O Nf6 5. d4 a6 6. Bxc6 dxc6 7. dxe5 Bxe5 8.
Qxd8+ Kxd8 9. Nxe5 Be6 10. Bg5 h6 11. Bxf6+ gxf6 12. Nf3 Rg8 13. Rd1+ Kc8 14.
Nc3 Bh3 15. g3 Bg4 16. Kg2 h5 17. h4 Kb8 18. Rd2 Ka7 19. e5 f5 20. Ng5 f4 21.
f3 Bf5 22. Nce4 fxg3 23. Nxg3 Bg6 24. f4 Rad8 25. Rad1 Rb8 26. f5 f6 27. exf6
Bxf5 28. Nxf5 Rgf8 29. f7 b6 30. Rd7 Kb7 31. Nd6+ Ka8 32. Rxc7 c5 33. Re1 Rb7
34. Re8+ Rb8 35. Rxb8+ Kxb8 36. Re7 Rd8 37. Re8 Kc7 38. Rxd8 Kxd8 39. f8=Q+ Kd7
40. Ngf7 b5 41. Qd8+ Kc6 42. Qa8+ Kd7 43. Qb7+ Ke6 44. Ne5 Kf6 45. Qxa6 Kg7 46.
Nf5+ Kh7 47. Qf6 Kg8 48. Qe7 Kh8 49. Qg7# 1-0

[Event "4NCL Online Division 5"]
[Site "online"]
[Date "2020.10.20"]
[Round "5.74"]
[White "Keerthi Kumar, Advait"]
[Black "Walker, David J R"]
[Result "0-1"]
[WhiteElo "1150"]
[BlackElo "1240"]
[PlyCount "108"]
[EventDate "2020.10.20"]
[WhiteTeam "Watford Juniors B"]
[BlackTeam "Harrow 4"]

1. e4 c5 2. Nf3 d6 3. d4 cxd4 4. Bc4 e6 5. Nxd4 Nf6 6. Nc3 Be7 7. O-O O-O 8.
Be3 Re8 9. f4 Nc6 10. Nf3 a6 11. Qe2 b5 12. Bd3 Bb7 13. e5 dxe5 14. fxe5 Nd5
15. Nxd5 Qxd5 16. b3 Nxe5 17. Rad1 Nxf3+ 18. Rxf3 Qc6 19. Rh3 g6 20. Bd4 Bc5
21. Bxc5 Qxc5+ 22. Kh1 Qc6 23. Rf1 Rad8 24. Qf2 Re7 25. Rg3 Rdd7 26. Qf6 e5 27.
Qf2 Rd6 28. Re3 Rf6 29. Qd2 Rd7 30. Rxf6 Qxf6 31. Qe2 Re7 32. Be4 Bc8 33. h3
Qg5 34. Bd5 Kg7 35. c4 bxc4 36. Bxc4 f5 37. Qe1 f4 38. Re4 Bb7 39. Re2 f3 40.
gxf3 Bxf3+ 41. Kh2 Bxe2 42. Qxe2 Rd7 43. Bd3 Qf4+ 44. Kh1 Qg3 45. Be4 Qxh3+ 46.
Kg1 Rf7 47. Bg2 Qg3 48. Qxa6 Rc7 49. Qa3 Rc2 50. Qa7+ Kh6 51. Qe3+ Qxe3+ 52.
Kh2 Qf2 53. Kh3 Qxg2+ 54. Kh4 g5# 0-1

[Event "4NCL Online Division 5"]
[Site "online"]
[Date "2020.10.20"]
[Round "5.81"]
[White "Stoica, Savas Marin"]
[Black "Lonsdale, Jon I"]
[Result "1-0"]
[WhiteElo "2042"]
[BlackElo "1922"]
[PlyCount "57"]
[EventDate "2020.10.20"]
[WhiteTeam "Barnet Knights A"]
[BlackTeam "Manchester Manticores 2"]

1. d4 Nf6 2. Nf3 e6 3. Bf4 c5 4. e3 Nc6 5. c3 Be7 6. Nbd2 O-O 7. h3 b6 8. Bd3
Bb7 9. O-O d6 10. Qe2 Rc8 11. Bh2 Qd7 12. Rad1 Rfd8 13. a3 Qe8 14. e4 cxd4 15.
cxd4 Nb8 16. e5 dxe5 17. dxe5 Nd5 18. Ne4 Qa4 19. Nfg5 h6 20. Qg4 Bc6 21. Nxe6
fxe6 22. Qxe6+ Kf8 23. Nd6 Bxd6 24. Bh7 Nf6 25. Bg6 Be8 26. Rxd6 Bxg6 27. exf6
Bf7 28. Rxd8+ Rxd8 29. Qe7+ 1-0

[Event "4NCL Online Division 5"]
[Site "online"]
[Date "2020.10.20"]
[Round "5.82"]
[White "Green, Tom D A"]
[Black "Rasalingam, Haran"]
[Result "0-1"]
[WhiteElo "1873"]
[BlackElo "2065"]
[PlyCount "66"]
[EventDate "2020.10.20"]
[WhiteTeam "Manchester Manticores 2"]
[BlackTeam "Barnet Knights A"]

1. e4 c5 2. Nc3 Nc6 3. f4 g6 4. Nf3 Bg7 5. Bc4 e6 6. f5 Nge7 7. O-O O-O 8. fxe6
dxe6 9. d3 a6 10. Qe1 Nd4 11. Nxd4 cxd4 12. Ne2 b5 13. Bb3 Nc6 14. Nf4 Na5 15.
Bd2 Nxb3 16. axb3 Qc7 17. c3 dxc3 18. bxc3 b4 19. cxb4 Bxa1 20. Qxa1 f6 21. Bc3
Qd8 22. h4 e5 23. Nd5 Be6 24. Bxe5 fxe5 25. Rxf8+ Kxf8 26. Qxe5 Bxd5 27. exd5
Kg8 28. d6 Ra7 29. Qd5+ Rf7 30. Qc6 Qxh4 31. Qc4 Qe1+ 32. Kh2 Qe5+ 33. Kg1 Qxd6
0-1

[Event "4NCL Online Division 5"]
[Site "online"]
[Date "2020.10.20"]
[Round "5.83"]
[White "Covey, Jason"]
[Black "Sheppard, Daniel C"]
[Result "0-1"]
[WhiteElo "1990"]
[BlackElo "1832"]
[PlyCount "66"]
[EventDate "2020.10.20"]
[WhiteTeam "Barnet Knights A"]
[BlackTeam "Manchester Manticores 2"]

1. d4 Nf6 2. Nc3 d5 3. Bg5 h6 4. Bxf6 exf6 5. Nf3 Bb4 6. e3 O-O 7. Bd3 c5 8.
O-O Bxc3 9. bxc3 c4 10. Be2 Be6 11. Rb1 Qc7 12. Nd2 f5 13. f3 Qa5 14. Rxb7 Qxc3
15. Kf2 f4 16. exf4 Qxd4+ 17. Kg3 Nd7 18. Nb1 Qc5 19. Nc3 Nb6 20. Re1 Qc6 21.
Rxb6 axb6 22. f5 Bxf5 23. Qxd5 Qc7+ 24. Kf2 Be6 25. Qe4 Rfd8 26. Kg1 b5 27. Kh1
b4 28. Nb1 Rxa2 29. Bd1 Qc5 30. Qh4 Rd4 31. Qg3 Qd6 32. Qxd6 Rxd6 33. Kg1 Rb2
0-1

[Event "4NCL Online Division 5"]
[Site "online"]
[Date "2020.10.20"]
[Round "5.84"]
[White "Potter, Steven"]
[Black "Kesterson, Kennan"]
[Result "0-1"]
[WhiteElo "1832"]
[BlackElo "1982"]
[PlyCount "64"]
[EventDate "2020.10.20"]
[WhiteTeam "Manchester Manticores 2"]
[BlackTeam "Barnet Knights A"]

1. d4 Nf6 2. Bg5 g6 3. Bxf6 exf6 4. e3 Bg7 5. Nf3 O-O 6. h4 d5 7. h5 c5 8. hxg6
fxg6 9. Nc3 f5 10. Qd2 Nc6 11. Ne5 Nxe5 12. dxe5 Be6 13. f4 Qd7 14. Bb5 Qf7 15.
Be2 a6 16. O-O Rfd8 17. Bf3 g5 18. fxg5 Bxe5 19. Rad1 d4 20. Ne2 dxe3 21. Qxe3
Bxb2 22. Rb1 Bd4 23. Nxd4 cxd4 24. Qd2 Bd5 25. a4 Rac8 26. Rb6 Qc7 27. Qa5 Bxf3
28. Rxf3 Rd6 29. Rfb3 d3 30. Qxf5 dxc2 31. Rxd6 c1=Q+ 32. Kf2 Qxd6 0-1

[Event "4NCL Online Division 5"]
[Site "online"]
[Date "2020.10.20"]
[Round "5.91"]
[White "Moxley, Stephen"]
[Black "Freund, Michael P"]
[Result "1/2-1/2"]
[WhiteElo "1697"]
[BlackElo "1770"]
[PlyCount "48"]
[EventDate "2020.10.20"]
[WhiteTeam "Warley and Quinborne"]
[BlackTeam "Sheffield Deaf"]

1. e4 e6 2. d4 d5 3. e5 c5 4. c3 Bd7 5. a3 Nc6 6. b4 cxd4 7. cxd4 Nge7 8. Nf3
Nf5 9. Bb2 Be7 10. Nbd2 O-O 11. Bd3 Qb6 12. Nb3 a5 13. b5 a4 14. Nc5 Bxc5 15.
dxc5 Qa5+ 16. Qd2 Qxd2+ 17. Kxd2 Na5 18. Bxf5 exf5 19. Nd4 Nc4+ 20. Kc3 Nxe5
21. f4 Nc4 22. c6 bxc6 23. bxc6 Be6 24. Rhe1 Rfc8 1/2-1/2

[Event "4NCL Online Division 5"]
[Site "online"]
[Date "2020.10.20"]
[Round "5.92"]
[White "Gibson, Stephen"]
[Black "Lewis, John B"]
[Result "1-0"]
[WhiteElo "1502"]
[BlackElo "1487"]
[PlyCount "55"]
[EventDate "2020.10.20"]
[WhiteTeam "Sheffield Deaf"]
[BlackTeam "Warley and Quinborne"]

1. e4 e5 2. f4 d6 3. Nf3 Nc6 4. Bc4 Be6 5. Bxe6 fxe6 6. fxe5 Nxe5 7. O-O Nc6 8.
d4 Qd7 9. Ng5 Nf6 10. Rxf6 gxf6 11. Qh5+ Ke7 12. Qf7+ Kd8 13. Qxf6+ Qe7 14.
Qxh8 Kd7 15. Qxh7 Qxh7 16. Nxh7 Nxd4 17. Na3 d5 18. Nxf8+ Rxf8 19. Be3 Ne2+ 20.
Kh1 d4 21. Bg1 Rh8 22. h3 Rf8 23. Bxd4 Ng3+ 24. Kh2 Nf1+ 25. Kg1 Ng3 26. Rd1
Ne2+ 27. Kh2 Ke8 28. Nc4 1-0